| 000 | 00998nam a2200313 i 4500 | ||
|---|---|---|---|
| 003 | OSt | ||
| 005 | 20210818181643.0 | ||
| 008 | 090801s2009 ck a jr 0001jdspa d | ||
| 020 | _a9789587048315 | ||
| 040 |
_bspa _aCOMFC _erda |
||
| 041 | _aspa | ||
| 100 | 1 |
_aMeneses Claros, Gerardo, _d1966- _eaut |
|
| 240 | 1 | 0 | _aHuila-Bibliografía regional |
| 245 | 1 | 0 |
_aCarmen dijo que sí / _cGerardo Meneses Claros ; ilustraciones de Lorena Alvarez. |
| 264 | 0 | 1 |
_aBogotá : _bAlfaguara, _c2009. |
| 300 |
_a105 páginas : _bilustraciones ; _c20 cm. |
||
| 336 |
_2rdacontent _atxt |
||
| 337 |
_2rdamedia _an |
||
| 338 |
_2rdacarrier _anc |
||
| 490 | _aAlfaguara Infantil | ||
| 521 | _aDesde 10 años. | ||
| 700 | 1 |
_aAlvarez, Lorena, _eill |
|
| 082 | 0 | 4 |
_a863.6 _bM543c |
| 650 | 6 | _aNovela juvenil colombiana. | |
| 650 | 6 |
_aAmor _v Novela juvenil. |
|
| 650 |
_aVacaciones _v Novela juvenil. |
||
| 942 |
_2ddc _h863.6 M543c _k863.6 _mM543c |
||
| 949 | _a | ||
| 999 |
_c11741 _d11741 |
||